00377nam a22001217a 4500020001600000082001100016100001700027245010400044260003700148300001000185650003900195700002100234 qHard Cover. a660.01 aJaved, Hijab aCloning and Mutational Analysis of HBx Gene from the blood of HBV Infected Patients /cHijab Javed. aIslamabad :bASAB - NUST,c2016. c30cm. aHealthcare Biotechnolgy MS-Thesis. aDr. Hajra Sadia.